00978cas a22002897a 450000500170000000800410001701000100005801100100006802200140007803500100009224500730010226000790017530000070025431000140026136200150027550000500029059000410034059000410038159000410042259000420046365000620050565000510056786600230061890100070064190500230064899900170067120220329142046.0990511u1978 mx br pernn 0 0b1spa d a77778 a78750 a0186-3290 a8880500aAgroecosistemasc/por Colegio de Postgraduados. Centro de Botánica0 aChapingo, Méx. :bColegio de Postgraduados. Centro de Botánica,c1978- av. aBimestral an.29, 1982 aSe dejó de recibir después del n.52,1985. aBATCH-UPDb10c20130110lUCH01h0346 aBATCH-UPDb10c20130410lUCH01h0019 aBATCH-UPDb10c20130914lUCH01h1229 aCONVERSIONb10c20130109lUCH01h134314aEcología agrícolaxPublicaciones periódicas.93516914aEcosistemaxPublicaciones periódicas.935292 an.1-52 (1978-1985) aSE aLilia Sánchez G. c77778d77778